Central Library OPAC University of Rajshahi

Verbal learning and verbal behavior : (Record no. 66320)

MARC details
000 -LEADER
fixed length control field 01026nam a2200265 a 4500
001 - CONTROL NUMBER
control field 66320
003 - CONTROL NUMBER IDENTIFIER
rucl marc code BD-RjUL
005 - DATE AND TIME OF LATEST TRANSACTION
control field 20211209081526.0
008 - FIXED-LENGTH DATA ELEMENTS--GENERAL INFORMATION
fixed length control field 170315s1961 nyua 101 0 eng
035 ## - SYSTEM CONTROL NUMBER
System control number (BD-RjUL)
040 ## - CATALOGING SOURCE
Original cataloging agency DLC
Transcribing agency ODaWU
Modifying agency BD-RjUL
Language of cataloging eng
041 ## - LANGUAGE CODE
Language code of text/sound track or separate title eng
082 ## - DEWEY DECIMAL CLASSIFICATION NUMBER
Classification number 153.15
Edition number 23
Author mark and year VER 1961
111 2# - MAIN ENTRY--MEETING NAME
Meeting name or jurisdiction name as entry element Conference on Verbal Learning and Verbal Behavior
Date of meeting (1959 :
Location of meeting New York University)
9 (RLIN) 196290
245 10 - TITLE STATEMENT
Title Verbal learning and verbal behavior :
Remainder of title proceedings of a conference (held at New York University, ... 1959) sponsored by the Office of Naval Research and New York University /
Statement of responsibility, etc. Edited by Charles N. Cofer /
260 ## - PUBLICATION, DISTRIBUTION, ETC. (IMPRINT)
Place of publication, distribution, etc. New York :
Name of publisher, distributor, etc. McGraw-Hill,
Date of publication, distribution, etc. 1961.
300 ## - PHYSICAL DESCRIPTION
Pagination 241 p. :
Illustrations ill. ;
Size 24 cm.
500 ## - GENERAL NOTE
General note Includes index
650 #0 - SUBJECT ADDED ENTRY--TOPICAL TERM
Topical term or geographic name as entry element Learning, Psychology of
Form subdivision Congresses.
9 (RLIN) 196291
700 1# - ADDED ENTRY--PERSONAL NAME
Personal name Cofer, Charles Norval,
830 ## - SERIES ADDED ENTRY--UNIFORM TITLE
Uniform title McGraw-Hill series in psychology
942 ## - ADDED ENTRY ELEMENTS (KOHA)
Source of classification or shelving scheme Dewey Decimal Classification
Koha item type Books
Holdings
Lost status Source of classification or shelving scheme Damaged status Not for loan Collection code Permanent Location Current Location Shelving location Date acquired Source of acquisition Cost, normal purchase price Total Checkouts Full call number Date last seen Copy number Koha item type
  Dewey Decimal Classification   Not For Loan Non-fiction Central Library, University of Rajshahi Central Library, University of Rajshahi Reading Room 09/01/1970 Zeitlinger 8.00   153.15 VER 1961 15/03/2017 C-1 Books